Countries Most Similar To Cape Verde - Statistics

General Stats
  • This quiz has been taken 51 times
  • The average score is 8 of 20
Answer Stats
Rank Country Score % Correct
4 Portugal 63.5
84%
2 Angola 64.3
71%
1 Brazil 64.9
71%
10 Guinea Bissau 62.6
68%
18 Equatorial Guinea 60.6
58%
7 Haiti 63.3
42%
20 Mauritius 60.5
42%
17 Colombia 60.9
39%
3 Dominican Republic 63.9
39%
6 Mexico 63.5
37%
16 Panama 61.2
32%
19 Guatemala 60.6
29%
11 South Africa 62.1
29%
9 El Salvador 62.7
26%
12 Honduras 62
24%
14 Ecuador 61.4
21%
5 Namibia 63.5
21%
8 Nicaragua 63.3
21%
15 Botswana 61.3
18%
13 Benin 61.6
16%
No matching quizzes found
Score Distribution
Percent of People with Each Score
Percentile by Number Answered
Your Score History
You have not taken this quiz